| 000 | 00736nas a22002177a 4500 | ||
|---|---|---|---|
| 005 | 20260515161106.0 | ||
| 008 | 260515d20082012pormu|p|||||| 00| z por|d | ||
| 040 | _cBR-ViAPE | ||
| 245 | _aO Samba | ||
| 260 |
_aVitória _c2008-2012 |
||
| 300 |
_av. _bil. |
||
| 310 | _amensal | ||
| 362 | _a n. 17 (2008) - n. 41 (2012). | ||
| 500 | _aDisponibilizada apenas a imagem da capa na versão digital, em virtude de restrições de direitos autorais. | ||
| 500 | _aColeção incompleta: disponíveis apenas alguns números do periódico. | ||
| 650 |
_aEventos _xCarnaval _xBailes _zEspírito Santo |
||
| 651 |
_aEspírito Santo (Brasil) _vPeriódicos |
||
| 700 |
_aJuffo, Massini Attílio _eDiretor |
||
| 942 |
_2ddc _cPER _n1 |
||
| 999 |
_c688 _d688 |
||